000 00282nam a22001097a 4500
999 _c64868
_d64865
082 _a697.16 ع ب د
100 _aمولانا ابو محمد
245 _aتفسیر فتح المنان تفسیر حقا نی
260 _aکراچی
_c۱۹۹۳
300 _a۶۰۴
942 _cBK